| 000 | 00000nam##2200000za#4500 |
| 001 | 9.645212 |
| 003 | CaOODSP |
| 005 | 20250506145324 |
| 007 | ta |
| 008 | 150407|1993||||xxc||||| f|0| 0 eng|d |
| 020 | |a0-662-20900-1 |
| 040 | |aCaOODSP|beng |
| 043 | |an-cn--- |
| 086 | 1 |aA63-1900/1993E |
| 110 | 1 |aCanada.|bAgriculture Canada. |
| 245 | 10|aHow dietary copper affects ruminants / |cby M. Ivan, Centre for Food and Animal Research. |
| 260 | |aOttawa - Ontario : |bAgriculture Canada |c1993. |
| 300 | |a15p. : |billus. ; |c28 cm. |
| 500 | |aContents: Introduction.--Biological availability of copper.--Copper deficiency.--Copper toxicity.--Conclusions. |
| 563 | |aSoftcover |
| 590 | |a93-48|b1993-12-03 |
| 690 | 07|aLivestock|2gcpds |
| 690 | 07|aAnimal health|2gcpds |
| 720 | 1 |aIvan, M. |
| 775 | 08|tMode d'action du cuivre d'origine alimentaire sur les ruminants / |w(CaOODSP)9.678977 |
| 776 | 0#|tHow dietary copper affects ruminants |w(CaOODSP)9.696989 |
| 986 | |aPublication 1900/E |